000 00938pam a2200265 a 4500
001 000004406
003 DO-SdBNP
005 20250702094516.0
008 930802s1994 nyu 000 1 eng
010 _a93031272
020 _a0385306024 :
_c$23.95 ($28.95 Can.)
040 _aDO-SdBNP
_cDLC
_dDLC
_dOCoLC
_dDLC
043 _an-us-ca
050 0 0 _aPS3569.T33828
_bA23 1994
082 0 0 _a813/.54
_220
100 1 _aSteel, Danielle.
_912024
245 1 0 _aAccident /
_cDanielle Steel.
260 _aNew York :
_bDelacorte Press,
_c1994.
300 _a305 p. ;
_c24 cm.
856 4 1 _3Sample text
_uhttp://www.loc.gov/catdir/samples/random051/93031272.html
856 4 2 _3Publisher description
_uhttp://www.loc.gov/catdir/description/random0414/93031272.html
856 4 2 _3Contributor biographical information
_uhttp://www.loc.gov/catdir/enhancements/fy0703/93031272-b.html
910 _aCatalogación por copia / LC
942 _2ddc
_cLBS1
999 _c4215
_d4215